000 00296pab a2200109 454500
008 180718b xxu||||| |||| 00| 0 eng d
100 _aChattopadhyay, P.
245 _aRevamping SSIs - rural units deserve move credit
650 _aIndustry, Small Scale
773 _aBusiness Standard
909 _a22651
999 _c22651
_d22651